000
00311nam a22001337a 4500
008
171019b xxu||||| |||| 00| 0 eng d
020
_a
9780324171730
041
_a
eng
080
_a
338
100
_a
53
101
_a
MNG
245
_a
INVESTMENT ANALYSIS PORTFOLIO MANAGEMENT
_c
REILLY, F.K
942
_2
udc
_c
BK
999
_c
34808
_d
34808